La critique de cinéma (notice n° 2151772)

détails MARC
000 -LEADER
fixed length control field 01423cam a2200133 4500500
005 - DATE AND TIME OF LATEST TRANSACTION
control field 20260405032033.0
041 ## - LANGUAGE CODE
Language code of text/sound track or separate title fre
042 ## - AUTHENTICATION CODE
Authentication code dc
100 10 - MAIN ENTRY--PERSONAL NAME
Personal name Prédal, René
Relator term author
245 00 - TITLE STATEMENT
Title La critique de cinéma
260 ## - PUBLICATION, DISTRIBUTION, ETC.
Name of publisher, distributor, etc. Armand Colin,<br/>
Date of publication, distribution, etc. 2004.<br/>
520 ## - SUMMARY, ETC.
Summary, etc. Attachée à l'étude des œuvres, la critique de cinéma s'est imposée, singulièrement en France, comme un genre à part, bien distinct des approches historique et critique. Réputée subjective ou idéologique et faisant l'objet de reproches récurrents, elle n'en est pas moins à prendre en considération : seule garante de la légitimité du patrimoine, elle est aussi nécessaire à l'accompagnement du plaisir du spectateur qu'à l'approfondissement des recherches esthétiques propres aux études cinématographiques. Vraie synthèse, cet ouvrage évoque l'histoire et l'influence de l'activité critique : il en spécifie la nature et les fonctions, en expose les combats passés et actuels, en présente les grands courants, et s'interroge sur cette « politique des auteurs » qui en est devenue la méthodologie la plus répandue. Il se prononce enfin sur la capacité actuelle de renouvellement du genre, face à la remise en cause de sa place dans la presse comme dans l'évolution de la création cinématographique.
856 41 - ELECTRONIC LOCATION AND ACCESS
Uniform Resource Identifier <a href="https://shs.cairn.info/la-critique-de-cinema--9782200340100?lang=fr&redirect-ssocas=7080">https://shs.cairn.info/la-critique-de-cinema--9782200340100?lang=fr&redirect-ssocas=7080</a>

Pas d'exemplaire disponible.

PLUDOC

PLUDOC est la plateforme unique et centralisée de gestion des bibliothèques physiques et numériques de Guinée administré par le CEDUST. Elle est la plus grande base de données de ressources documentaires pour les Étudiants, Enseignants chercheurs et Chercheurs de Guinée.

Adresse

627 919 101/664 919 101

25 boulevard du commerce
Kaloum, Conakry, Guinée

Réseaux sociaux

Powered by Netsen Group @ 2025